1123 1687 1758 1877 1210 1727 1285 1304 1535 1287 1994 1824 1607 1047 1153 1532 1044 1398 1943 1962 1265 1234 1210 1715 1140 1274 1761 1915 1381 1806 1183 1811 1557 1030 1483 1651 1682 1297 1423 1637 1015 1698 1010 1143 1575 1927 1287 1987 1945 1343 1009 1174 1880 1584 1485 1867 1132 1277 1176 1536 1370 1510 1198 1502 1513 1571 1840 1215 1218 1021 1019 1203 1452 1296 1902 1379 1293 1930 1385 1636 1277 1422 1953 1837 1435 1874 1747 1606 1558 1827 1734 1731 1095 1519 1093 1379 1362 1488 1437 BCNSPRNW ULIB Ver.6.0+V

เปลี่ยนเป็นภาษาไทย

Change to English
 แสดงรายละเอียดบรรณานุกรม
  กลับหน้าหลัก

Brief Record : Get Marc (ISO 2709) : E-mail record : QR code < ปิดหน้าต่าง
LEADER : 00000nam 2200000uu 4500
001    13399114528
003     ULIB
008    120411s||||||||th 000 0 tha d
020    ^a9780826105813
050  4 ^aRT73 ^bG112
060  0 ^aWY100^bG112
100 1   ^aGaberson, Kathleen B.
245 1   ^aClinical teaching strategies in nursing / ^cKathleen B. Gaberson, Marilyn H. Oermann.
250    ^a3rd ed
260    ^aNew York, N.Y. : ^bSpringer Pub., ^c2010.
300    ^axi, 442 p.
650    ^aNursing ^xStudy and teaching.
650  0 Education Nursing
700 1   ^aOermann, Marilyn H.
945    ^p0^l0^i031632
995    ^aKesorn
999 ^a ใช้งานได้ทุกระบบ
รายการนี้ยังไม่มีแท็ก
คุณยังไม่ได้ล็อกอิน คุณสามารถมีกิจกรรมร่วมกับเว็บไซต์ได้ แต่ต้องล็อกอินก่อน ::
  ล็อกอิน

รายการสื่อสารสนเทศ

ลำดับที่ ประเภท เลขเรียก/บาร์โค้ด สถานที่ สถานะ
- ไม่พบข้อมูล -

รายการใกล้เคียง
    ผู้แต่ง [Gaberson, Kathleen B.]

BibComment


ยังไม่เคยถูกคอมเมนท์

คอมเมนท์ทรัพยากรรายการนี้
  คอมเมนท์: Clinical teachi..


 Copyright 2026. Bcnsprnw @Library